书目信息 |
| 题名: |
序列空间及其应用
|
|
| 作者: | 吴从炘 著 | |
| 分册: | ||
| 出版信息: | 哈尔滨 哈尔滨工业大学出版社 2001.11 |
|
| 页数: | 263页 | |
| 开本: | 20cm | |
| 丛书名: | ||
| 单 册: | ||
| 中图分类: | O177.3 | |
| 科图分类: | ||
| 主题词: | 数学分析 | |
| 电子资源: | ||
| ISBN: | 7-5603-1624-7 | |
| 000 | 00558nam0 2200193 45 | |
| 001 | 8060458109 | |
| 005 | 1980011116473764 | |
| 010 | @a7-5603-1624-7@dRMB 18.00 | |
| 100 | @a19800111d2001 km y0chiy0120 ea | |
| 101 | 0 | @achi |
| 102 | @aCN@b230000 | |
| 200 | 1 | @a序列空间及其应用@Axu lie kong jian ji qi ying yong@f吴从炘等著@FWu Cong Xin Deng Zhu |
| 210 | @a哈尔滨@c哈尔滨工业大学出版社@d2001.11 | |
| 215 | @a263页@d20cm | |
| 606 | 0 | @a数学分析 |
| 690 | @aO177.3@v3 | |
| 701 | 0 | @a吴从炘@AWu Cong Xin@4著 |
| 801 | 0 | @aCN@bPFT@c19800111 |
| 905 | @a@dO177.3@eW757 | |
| 序列空间及其应用/吴从炘等著.-哈尔滨:哈尔滨工业大学出版社,2001.11 |
| 263页;20cm |
| ISBN 7-5603-1624-7:RMB 18.00 |
| ● |
| 相关链接 |
|
|
|
正题名:序列空间及其应用
索取号:O177.3/W757
 
预约/预借
| 序号 | 登录号 | 条形码 | 馆藏地/架位号 | 状态 | 备注 |
| 1 | 371657 | 203716577 | 自科库401/401自科库 45排6列2层/ [索取号:O177.3/W757] | 在馆 | |
| 2 | 371658 | 203716586 | 自科库401/401自科库 45排6列2层/ [索取号:O177.3/W757] | 在馆 | |
| 3 | 371659 | 203716595 | 自科库401/401自科库 45排6列2层/ [索取号:O177.3/W757] | 在馆 |